[Event "Titled Tuesday intern op 24th Oct Late"]
[Site "Chess.com INT"]
[Date "2023.10.24"]
[Round "2"]
[White "Ince, Taylan Ruzgar"]
[Black "Vakhlamov, Igor L"]
[Result "1-0"]
[WhiteElo "2312"]
[BlackElo "2413"]
[PlyCount "137"]
[EventDate "2023.10.24"]
[EventType "swiss (blitz)"]
[EventRounds "11"]
[EventCountry "USA"]
[SourceTitle "Mega2024 Update 01"]
[Source "Chessbase"]
[SourceDate "2023.11.12"]
[SourceVersion "1"]
[SourceVersionDate "2023.11.12"]
[SourceQuality "1"]

1. Nf3 d5 2. c4 e6 3. b3 Nf6 4. Bb2 c5 5. e3 Nc6 6. cxd5 exd5 7. d4 cxd4 8. Nxd4 Bb4+ 9. Bc3 Bd6 10. Nd2 0-0 11. Be2 Re8 12. 0-0 Bd7 13. Rc1 Rc8 14. h3 Qe7 15. N4f3 Rcd8 16. Bb2 Be6 17. Bb5 Rc8 18. Re1 Red8 19. Nd4 Nxd4 20. Bxd4 a6 21. Bd3 Ba3 22. Rxc8 Rxc8 23. Qf3 Bb4 24. Rd1 Nd7 25. Nf1 Bc5 26. Ba1 Bd6 27. Ng3 Ne5 28. Bxe5 Bxe5 29. Qh5 Qf6 30. Qxh7+ Kf8 31. Nf5 g6 32. Qh6+ Kg8 33. Nh4 d4 34. Nf3 dxe3 35. Qxe3 Bb8 36. Be4 b5 37. Qe2 Re8 38. Qd3 Kg7 39. Re1 Rd8 40. Qe2 Bf4 41. Qf1 Qc3 42. g3 Bb8 43. Kg2 Ba7 44. h4 Qf6 45. Ng5 Bg4 46. Bf3 Bf5 47. Qe2 Rd7 48. Rd1 Re7 49. Qd2 Bc8 50. Re1 Rc7 51. Qe2 Bb7 52. Bxb7 Rxb7 53. Qf3 Rc7 54. Qxf6+ Kxf6 55. Re2 a5 56. Ne4+ Kg7 57. Nd6 b4 58. Ne8+ Kh6 59. Nxc7 Bb8 60. Nb5 f5 61. Re8 Ba7 62. Rh8+ Kg7 63. Ra8 Bc5 64. Rxa5 f4 65. gxf4 Be7 66. Kf3 Kf6 67. Ra7 g5 68. Ra6+ Kf5 69. Nd4# 1-0

[Event "Titled Tuesday intern op 04th Jul Early"]
[Site "Chess.com INT"]
[Date "2023.07.04"]
[Round "3"]
[White "Ince, Taylan Ruzgar"]
[Black "Buscar, Michael"]
[Result "1-0"]
[WhiteElo "2240"]
[BlackElo "2041"]
[PlyCount "35"]
[EventDate "2023.07.04"]
[EventType "swiss (blitz)"]
[EventRounds "11"]
[EventCountry "USA"]
[SourceTitle "EXT 2024"]
[Source "ChessBase"]
[SourceDate "2023.10.10"]
[SourceVersion "1"]
[SourceVersionDate "2023.10.10"]
[SourceQuality "1"]

1. b3 d5 2. Bb2 c5 3. e3 Nc6 4. Bb5 Qc7 5. f4 a6 6. Bxc6+ Qxc6 7. Nf3 Bg4 8. 0-0 Nf6 9. Qe1 g6 10. Ne5 Qc8 11. c4 dxc4 12. bxc4 Bg7 13. h3 Bf5 14. Nc3 Nd7 15. e4 Nxe5 16. fxe5 Be6 17. Nd5 0-0 18. Nxe7+ 1-0

[Event "Titled Tuesday intern op 04th Jul Early"]
[Site "Chess.com INT"]
[Date "2023.07.04"]
[Round "1"]
[White "Ince, Taylan Ruzgar"]
[Black "Martin, Lewis"]
[Result "1-0"]
[WhiteElo "2240"]
[BlackElo "2135"]
[PlyCount "85"]
[EventDate "2023.07.04"]
[EventType "swiss (blitz)"]
[EventRounds "11"]
[EventCountry "USA"]
[SourceTitle "EXT 2024"]
[Source "ChessBase"]
[SourceDate "2023.10.10"]
[SourceVersion "1"]
[SourceVersionDate "2023.10.10"]
[SourceQuality "1"]

1. c4 c6 2. Nf3 Nf6 3. b3 d5 4. Bb2 Nbd7 5. g3 g6 6. Bg2 Bg7 7. 0-0 0-0 8. Qc2 Re8 9. d4 Ne4 10. Rd1 Ndf6 11. Ne5 Bf5 12. Qc1 Qc8 13. f3 Nd6 14. Nc3 Bh3 15. cxd5 Bxg2 16. Kxg2 Nxd5 17. Nxd5 cxd5 18. Qd2 f6 19. Nd3 b6 20. Rac1 Qb7 21. Nf4 Kf7 22. Ba3 Rad8 23. Rc2 Bh6 24. Rdc1 Qa6 25. Bxd6 Rxd6 26. Rc7 Kg8 27. R1c6 Rxc6 28. Rxc6 Rc8 29. Rxc8+ Qxc8 30. Nxd5 Kg7 31. Qd3 e6 32. Nc3 Qd7 33. d5 exd5 34. Nxd5 Kf7 35. Qc4 Kf8 36. Nxf6 Qd2 37. Qe6 Qd8 38. Nd7+ Kg7 39. Ne5 Bg5 40. Qf7+ Kh6 41. Ng4+ Kh5 42. Qxh7+ Bh6 43. Qxh6# 1-0

[Event "Titled Tuesday intern op 20th Jun Late"]
[Site "Chess.com INT"]
[Date "2023.06.20"]
[Round "4"]
[White "Ince, Taylan Ruzgar"]
[Black "Cardoso Cardoso, Jose Gabriel"]
[Result "0-1"]
[WhiteElo "2240"]
[BlackElo "2480"]
[PlyCount "98"]
[EventDate "2023.06.20"]
[EventType "swiss (blitz)"]
[EventRounds "11"]
[EventCountry "USA"]
[SourceTitle "EXT 2024"]
[Source "ChessBase"]
[SourceDate "2023.10.10"]
[SourceVersion "1"]
[SourceVersionDate "2023.10.10"]
[SourceQuality "1"]

1. e4 c5 2. Nf3 d6 3. Bb5+ Nd7 4. 0-0 a6 5. Bd3 Ngf6 6. Re1 b5 7. c3 c4 8. Bc2 e6 9. b3 Bb7 10. a4 cxb3 11. Bxb3 Nxe4 12. axb5 axb5 13. Rxa8 Bxa8 14. Nd4 Qb6 15. Qf3 Ndc5 16. d3 Nxb3 17. Nxb3 Bd5 18. c4 Nd2 19. Qxd5 Nxb3 20. Bg5 Be7 21. Qa8+ Qd8 22. Qc6+ Qd7 23. Qa8+ Bd8 24. cxb5 0-0 25. Bxd8 Rxd8 26. Qa4 Nc5 27. Qc4 Rb8 28. Nc3 Rc8 29. Rb1 d5 30. Qd4 Nb7 31. h3 h6 32. Na4 Rc2 33. g3 Qd6 34. Qb4 Qc7 35. b6 Qc6 36. Qd4 f6 37. Nb2 e5 38. Qb4 Kf7 39. Nd1 d4 40. Qb3+ Kg6 41. Nb2 Rc3 42. Qd1 Nd6 43. Na4 Ra3 44. Rb4 Nb7 45. Qg4+ Kf7 46. Qd1 Kg6 47. h4 Kf7 48. h5 Kg8 49. Qg4 Ra1+ 0-1

[Event "Titled Tuesday intern op 20th Jun Late"]
[Site "Chess.com INT"]
[Date "2023.06.20"]
[Round "1"]
[White "Ince, Taylan Ruzgar"]
[Black "Ricaurte Lopez, Juan Carlos"]
[Result "1-0"]
[WhiteElo "2240"]
[BlackElo "2226"]
[PlyCount "59"]
[EventDate "2023.06.20"]
[EventType "swiss (blitz)"]
[EventRounds "11"]
[EventCountry "USA"]
[SourceTitle "EXT 2024"]
[Source "ChessBase"]
[SourceDate "2023.10.10"]
[SourceVersion "1"]
[SourceVersionDate "2023.10.10"]
[SourceQuality "1"]

1. e4 e6 2. d4 d5 3. Bd3 dxe4 4. Bxe4 Nf6 5. Bf3 c5 6. Ne2 Nc6 7. Be3 cxd4 8. Nxd4 Ne5 9. Nc3 Nxf3+ 10. Qxf3 a6 11. 0-0-0 Qa5 12. Nb3 Qf5 13. Qg3 Bb4 14. Qxg7 Rg8 15. Qh6 Bxc3 16. bxc3 Bd7 17. Qh4 Bc6 18. Qd4 Nd5 19. Kb2 Rc8 20. Rhg1 Bb5 21. g4 Qg6 22. Bd2 Qf6 23. Qxf6 Nxf6 24. h3 Ne4 25. Be1 Ke7 26. f3 Nd6 27. Bh4+ f6 28. Bxf6+ Kxf6 29. Rxd6 Bc6 30. Re1 1-0

[Event "Baku op"]
[Site "Baku"]
[Date "2023.05.10"]
[Round "7"]
[White "Ince, Taylan Ruzgar"]
[Black "Srija, Seshadri"]
[Result "0-1"]
[WhiteElo "2264"]
[BlackElo "2199"]
[PlyCount "70"]
[EventDate "2023.05.04"]
[EventType "swiss"]
[EventRounds "9"]
[EventCountry "AZE"]
[SourceTitle "CBM 214 Extra"]
[Source "ChessBase"]
[SourceDate "2023.07.31"]
[SourceVersion "1"]
[SourceVersionDate "2023.07.31"]
[SourceQuality "1"]

1. d4 d5 2. Nf3 Nf6 3. c4 c6 4. Qc2 dxc4 5. Qxc4 e6 6. g3 b5 7. Qd3 Bb7 8. Bg2 Nbd7 9. 0-0 Be7 10. Nbd2 a6 11. a4 0-0 12. b3 Qb6 13. Bb2 Rfd8 14. a5 Qa7 15. Rac1 Rac8 16. Qb1 Bb4 17. Bc3 c5 18. dxc5 Bxc3 19. Rxc3 Nxc5 20. Rfc1 Nd5 21. R3c2 b4 22. Bf1 Nc3 23. Qb2 h6 24. Rxc3 bxc3 25. Rxc3 Ne4 26. Nxe4 Bxe4 27. b4 Qb7 28. Nd2 Rxc3 29. Qxc3 Qd5 30. Nb3 Qd1 31. f3 Bc6 32. Kf2 Bb5 33. h4 e5 34. Qe3 Bc4 35. Bh3 Bxb3 0-1

[Event "Baku op"]
[Site "Baku"]
[Date "2023.05.07"]
[Round "4"]
[White "Mammadova, Gulnar Marfat Qizi"]
[Black "Ince, Taylan Ruzgar"]
[Result "1/2-1/2"]
[WhiteElo "2349"]
[BlackElo "2264"]
[PlyCount "44"]
[EventDate "2023.05.04"]
[EventType "swiss"]
[EventRounds "9"]
[EventCountry "AZE"]
[SourceTitle "CBM 214 Extra"]
[Source "ChessBase"]
[SourceDate "2023.07.31"]
[SourceVersion "1"]
[SourceVersionDate "2023.07.31"]
[SourceQuality "1"]

1. c4 Nf6 2. Nc3 d5 3. cxd5 Nxd5 4. Nf3 g6 5. h4 Nxc3 6. bxc3 h6 7. e4 Bg7 8. d4 c5 9. Be2 cxd4 10. cxd4 Nc6 11. Be3 Qa5+ 12. Bd2 Qa3 13. d5 Nb4 14. Rb1 a5 15. 0-0 Bd7 16. Bc4 0-0 17. Qe2 Rac8 18. Rfc1 Nxa2 19. Rc2 Nb4 20. Bxb4 axb4 21. Ra2 Qc3 22. Rc2 Qa3 1/2-1/2

[Event "Titled Tuesday intern op 15th Nov Early"]
[Site "Chess.com INT"]
[Date "2022.11.15"]
[Round "7"]
[White "Ince, Taylan Ruzgar"]
[Black "Ciuffoletti, Paolo"]
[Result "0-1"]
[WhiteElo "2247"]
[BlackElo "2106"]
[PlyCount "64"]
[EventDate "2022.11.15"]
[EventType "swiss (blitz)"]
[EventRounds "11"]
[EventCountry "USA"]
[SourceTitle "CBM 211 Extra"]
[Source "ChessBase"]
[SourceDate "2023.01.31"]
[SourceVersion "1"]
[SourceVersionDate "2023.01.31"]
[SourceQuality "1"]

1. Nf3 d5 2. d4 Nf6 3. c4 c6 4. Nbd2 Bf5 5. Nh4 Be6 6. e3 Ne4 7. Nhf3 g6 8. Bd3 Bf5 9. Qc2 Nxd2 10. Bxd2 Bxd3 11. Qxd3 Bg7 12. 0-0 0-0 13. Rfc1 Na6 14. b4 dxc4 15. Qxc4 Nc7 16. a4 a6 17. e4 e5 18. dxe5 Bxe5 19. Rab1 Ne6 20. Be3 Bf4 21. Rd1 Qc7 22. Qc3 Rfd8 23. g3 Bxe3 24. Qxe3 Rxd1+ 25. Rxd1 Rd8 26. Rxd8+ Qxd8 27. Kg2 Qc7 28. e5 c5 29. bxc5 Qxc5 30. h4 Qxe3 31. fxe3 Nc5 32. a5 Nb3 0-1

[Event "Titled Tuesday intern op 15th Nov Early"]
[Site "Chess.com INT"]
[Date "2022.11.15"]
[Round "2"]
[White "Ince, Taylan Ruzgar"]
[Black "Jumabayev, Rinat"]
[Result "1-0"]
[WhiteElo "2247"]
[BlackElo "2620"]
[PlyCount "101"]
[EventDate "2022.11.15"]
[EventType "swiss (blitz)"]
[EventRounds "11"]
[EventCountry "USA"]
[SourceTitle "CBM 211 Extra"]
[Source "ChessBase"]
[SourceDate "2023.01.31"]
[SourceVersion "1"]
[SourceVersionDate "2023.01.31"]
[SourceQuality "1"]

1. Nf3 Nf6 2. d4 g6 3. g3 Bg7 4. Bg2 c5 5. 0-0 cxd4 6. Nxd4 Nc6 7. c4 0-0 8. Nc3 Qa5 9. Nb3 Qh5 10. e4 d6 11. Qxh5 Nxh5 12. Nd5 Rd8 13. Rb1 Be6 14. Be3 Rac8 15. h3 b6 16. Rfc1 Kf8 17. Bf1 Nf6 18. Nxf6 Bxf6 19. Nd2 h5 20. b3 g5 21. f4 gxf4 22. gxf4 Nb4 23. a3 Nc6 24. Nf3 Bd7 25. Kf2 e5 26. Rd1 Ke7 27. f5 Rg8 28. Be2 h4 29. Rg1 Rxg1 30. Rxg1 Na5 31. Nd2 Nc6 32. Bg5 Nd4 33. Bxf6+ Kxf6 34. a4 a6 35. Bd3 b5 36. axb5 axb5 37. Rg4 Rh8 38. cxb5 Bxb5 39. Bxb5 Nxb5 40. Nc4 Ke7 41. Ne3 Nc3 42. Ke1 Rb8 43. Kd2 Rxb3 44. Kc2 Ra3 45. Nc4 Nb5 46. Nxa3 Nxa3+ 47. Kd3 Nb5 48. Rxh4 Nd4 49. Rg4 d5 50. h4 Nxf5 51. exf5 1-0

[Event "Titled Tuesday intern op 30th Aug Early"]
[Site "Chess.com INT"]
[Date "2022.08.30"]
[Round "2"]
[White "Parkhov, Yair"]
[Black "Ince, Taylan Ruzgar"]
[Result "0-1"]
[WhiteElo "2469"]
[BlackElo "2247"]
[PlyCount "79"]
[EventDate "2022.08.30"]
[EventType "swiss (blitz)"]
[EventRounds "11"]
[EventCountry "USA"]
[SourceTitle "EXT 2023"]
[Source "ChessBase"]
[SourceDate "2022.10.05"]
[SourceVersion "1"]
[SourceVersionDate "2022.10.05"]
[SourceQuality "1"]

1. e4 c6 2. d4 d5 3. e5 Bf5 4. Be3 e6 5. Nd2 Ne7 6. Nb3 Nd7 7. a4 a5 8. f4 Bg6 9. Nf3 Nf5 10. Bf2 h5 11. Bd3 Be7 12. 0-0 Nf8 13. c4 dxc4 14. Bxc4 Nd7 15. Nc5 Nxc5 16. dxc5 Qc7 17. Qb3 0-0 18. Rad1 Rad8 19. Rd6 Bxd6 20. exd6 Qc8 21. Re1 Kh8 22. Ne5 Bh7 23. h3 h4 24. Nf3 Rde8 25. Qc3 f6 26. Qxa5 Qd7 27. Nxh4 Nxh4 28. Bxh4 e5 29. fxe5 Rxe5 30. Rxe5 fxe5 31. Qc7 Qxc7 32. dxc7 Bf5 33. b4 Bc8 34. b5 Rf4 35. Bd5 cxd5 36. a5 Rxh4 37. g4 Rxh3 38. a6 bxa6 39. b6 Rc3 40. Kf2 0-1